Little monkey gets lost: (Record no. 180856)

MARC details
000 -LEADER
fixed length control field 00801nam a22002057a 4500
005 - DATE AND TIME OF LATEST TRANSACTION
control field 20210823114419.0
010 ## - LCCN (DPL NO)
LC control number B-741162
020 ## - INTERNATIONAL STANDARD BOOK NUMBER
International Standard Book Number 9788184779578
Terms of availability 200.00
035 ## - SYSTEM CONTROL NUMBER
System control number B-741162
037 ## - SOURCE OF ACQUISITION
Source of stock number/acquisition Gift
082 ## - DEWEY DECIMAL CLASSIFICATION NUMBER
Classification number S
100 ## - MAIN ENTRY--PERSONAL NAME
Personal name Balkaran, Kuntie Ramdat
245 ## - TITLE STATEMENT
Title Little monkey gets lost:
Remainder of title where animals live /
Statement of responsibility, etc by Kuntie Ramdat Balkaran ; illustrated by Anitha Balachandran
260 ## - PUBLICATION, DISTRIBUTION, ETC. (IMPRINT)
Place of publication, distribution, etc New Delhi
Name of publisher, distributor, etc Scholastic
Date of publication, distribution, etc 2014
270 ## - ADDRESS
Address A-27, Ground Floor, Bharti Sigma Centre Infocity-1, Sector 34
City Gurgaon
Postal code 122001 (India)
300 ## - PHYSICAL DESCRIPTION
Extent unpaged.:
Other physical details col.ill.
Dimensions 21cm(Hb)
700 ## - ADDED ENTRY--PERSONAL NAME
Personal name Balachandran, Anitha
942 ## - ADDED ENTRY ELEMENTS (KOHA)
Source of classification or shelving scheme Dewey Decimal Classification
Item type Children Books
Call number suffix BAL
Classification part S
Holdings
Withdrawn status Lost status Not for loan Collection code Home library Current library Date acquired Source of acquisition Cost, normal purchase price Full call number Barcode Copy number Cost, replacement price Koha item type Public note
      Fiction Central Library Central Library 23/08/2021 Gift/Eng/09-08-2021 200.00 S BAL B-741162 1 200.00 Children Books Gift

© Delhi Public Library
Hit Counter
free hit counter